Statistiques concernant 1ere guerre mondiale

Cliquez ici pour prendre le quiz!

Statistiques générales

  • Ce quiz a été pris 696 fois
  • Le résultat moyen est 7 sur 15

Statistiques - réponses

QuestionsRéponses% Correct
Pays de la triple alliance (comme pour la question 2)Allemagne/Autriche-Hongrie/Italie
95%
Un pays de la triple entente autre que la FranceRoyaume uni/Russie
90%
Année d'armistice russe1917
73%
Année d'entrée en guerre des Etats Unis1918
72%
Lieu de l'assassinat de François-Ferdinand d'Habsbourg-LorraineSarajevo
72%
Pays qui a ordonné l'"ordre de mobilisation générale"France
70%
Année du traité de Versailles1919
68%
Provinces récupérées par la France (deux réponses possibles)Alsaces Loraine
68%
Grande offensive allemande d'un an gagnée par l'armée FrançaiseBataille de Verdun
35%
Nom de la bataille qui a arrêté l'armée allemande à quelques km de ParisBataille de la Marne
27%
Bataille la plus meurtrière de la guerreBataille de la Somme
24%
Date de déclaration de guerre de l'Allemagne contre la France (tout en lettre: "jour mois"trois aout
12%
Colonies récupérées par la FranceCameroun
11%
Armistice allemand (jour mois année)onze novembre mille neuf cent dix huit
6%
Plus grand fort du monde à cette époqueFort de Douaumont
3%

Distribution des résultats

Percentile par nombre de réponses

% des personnes avec chaque résultat

Votre développement - résultats

Vous n’avez pas pris ce quiz